A sermon preach'd in the parish-church of St. Andrew's Holborn, June 8, 1704. : Being Thursday in Whitson-week, at the first meeting of the gentlemen concern'd in promoting the charity-schools in and about the cities of London and Westminister. At which time and place, the several masters and mistresses of the said schools appear'd with the poor children under their care - in number about two thousand /

Bibliographic Details
Main Author: Willis, Richard, 1664-1734
Other Authors: Downing, Joseph, -1734 (Printer)
Format: Book
Language:English
Subjects:

MARC

Tag First Indicator Second Indicator Subfields
LEADER 00000cam a2200000Ia 4500
001 in00003610621
005 20170928112756.0
008 810713s1704 enk 000 0 eng
010 |a  43033437  
035 |a (OCoLC)ocm07579022 
035 |a (OCoLC)7579022 
040 |a DLC  |b eng  |c SNC  |d OCLCG  |d OCLCQ  |d OCLCO  |d TXA  |d UtOrBLW 
043 |a e-uk-en 
049 |a TXAM 
050 4 |a LA213  |b A17 
050 4 |a LC4096.G7  |b W55 1704 
082 0 4 |a 261.1  |b W734 
100 1 |a Willis, Richard,  |d 1664-1734.  |0 http://id.loc.gov/authorities/names/n85196513 
245 1 2 |a A sermon preach'd in the parish-church of St. Andrew's Holborn, June 8, 1704. :  |b Being Thursday in Whitson-week, at the first meeting of the gentlemen concern'd in promoting the charity-schools in and about the cities of London and Westminister. At which time and place, the several masters and mistresses of the said schools appear'd with the poor children under their care - in number about two thousand /  |c by Richard Willis, D. D. Dean of Lincoln. 
264 3 |a London :  |b Printed by J. Downing for M. Wotton, at the Three Daggers neear the Inner-Temple-Gate in Fleet-Street,  |c 1704. 
300 |a 1 unnumbered leaf, 30 pages ;  |c 20 x 17 cm (quarto) 
336 |a text  |b txt  |2 rdacontent 
337 |a unmediated  |b n  |2 rdamedia 
338 |a volume  |b nc  |2 rdacarrier 
500 |a "Published at the request of many Persons concern'd in the said Charity." 
500 |a Signatures: [A]¹ B-D⁴ E³. 
500 |a The Cushing Library/Rare Books copy was acquired as part of the Lois Goddard Morrison Collection of Eighteenth Century Literature.  |5 TXA 
500 |a The Cushing Library/Rare Books Collection copy contains the sermon only.  |5 TXA 
510 4 |a ESTC,  |c T49180 
650 0 |a Charity-schools  |z England  |v Sermons  |v Early works to 1800. 
650 0 |a Christian education of children  |v Sermons  |v Early works to 1800. 
610 2 0 |a Church of England  |v Sermons  |v Early works to 1800. 
630 0 0 |a Bible.  |p Genesis, XVIII, 19  |v Sermons  |v Early works to 1800. 
655 7 |a Sermons  |z England  |y 18th century.  |2 rbgenr 
700 1 |a Downing, Joseph,  |d -1734,  |e printer,  |e bookseller.  |0 http://id.loc.gov/authorities/names/n86096495 
752 |a England  |d London. 
776 0 8 |i Online version:  |a Willis, Richard, 1664-1734.  |t Sermon preach'd in the parish-church of St. Andrew's Holborn, June 8, 1704.  |d London : Printed by J. Downing for M. Wotton, 1704  |w (OCoLC)671519885 
948 |a cataloged  |b h  |c 2016/3/28  |d enhance  |e fpiscitelli  |f %:26:34 pm 
994 |a C0  |b TXA 
999 f f |s d74fe23c-63b9-3180-be26-e3f1b6ac4237  |i 70c53092-de97-35ee-9fba-69ea2e3278fa  |t 0 
952 f f |p noncirc  |a Texas A&M University  |b College Station  |c Cushing Memorial Library & Archives  |d Cushing: Rare Books (Does not check out)  |t 0  |e LC4096.G7 W55 1704  |h Library of Congress classification  |i unmediated -- volume 
998 f f |a LC4096.G7 W55 1704  |t 0  |l Cushing: Rare Books (Does not check out)